000 00262nam a22001097a 4500
082 _a425
_bKIS/E
100 _aKISHOR
245 _aESSAYS AND COMPREHENSION
246 _aESSAYS AND COMPREHENSION
_bESSAYS AND COMPREHENSION
650 _aENGLISH GRAMMAR
942 _cBK
999 _c8863
_d8863